Method in Social Science : (Record no. 351587)
[ view plain ]
| 000 -LEADER | |
|---|---|
| fixed length control field | 00469nam a22001817a 4500 |
| 003 - CONTROL NUMBER IDENTIFIER | |
| control field | OSt |
| 005 - DATE AND TIME OF LATEST TRANSACTION | |
| control field | 20180116183050.0 |
| 008 - FIXED-LENGTH DATA ELEMENTS--GENERAL INFORMATION | |
| fixed length control field | 160809b xxu||||| |||| 00| 0 eng d |
| 020 ## - INTERNATIONAL STANDARD BOOK NUMBER | |
| International Standard Book Number | 0415076072 |
| 040 ## - CATALOGING SOURCE | |
| Transcribing agency | 0 |
| 082 ## - DEWEY DECIMAL CLASSIFICATION NUMBER | |
| Classification number | 001.42 SAY 1992 |
| 100 ## - MAIN ENTRY--PERSONAL NAME | |
| Personal name | Andrew Sayer |
| 245 ## - TITLE STATEMENT | |
| Title | Method in Social Science : |
| Remainder of title | A Realist Approach |
| Statement of responsibility, etc. | Andrew Sayer |
| 260 ## - PUBLICATION, DISTRIBUTION, ETC. | |
| Place of publication, distribution, etc. | USA |
| Name of publisher, distributor, etc. | Routledge |
| Date of publication, distribution, etc. | 1992 |
| 300 ## - PHYSICAL DESCRIPTION | |
| Extent | 313 p. |
| Other physical details | HB |
| 440 ## - SERIES STATEMENT/ADDED ENTRY--TITLE | |
| Title | Method in Social Science : |
| 942 ## - ADDED ENTRY ELEMENTS (KOHA) | |
| Source of classification or shelving scheme | |
| Koha item type | Book |
| Withdrawn status | Lost status | Source of classification or shelving scheme | Damaged status | Not for loan | Collection code | Permanent Location | Current Location | Shelving location | Date acquired | Total Checkouts | Full call number | Barcode | Date last seen | Price effective from | Koha item type |
|---|---|---|---|---|---|---|---|---|---|---|---|---|---|---|---|
| Computer Science | Central Library (CL) | Central Library (CL) | First Floor - Computer Science | 08/09/2016 | 001.42 SAY 1992 | NBSD-2643 | 08/09/2016 | 08/09/2016 | Book |
